000
00227nam a2200097Ia 4500
005
20251222114356.0
008
251222s1900||||xx |||||||||||||| ||spa||
082
_a
DVD0120/L25/1991
245
0
_a
Il re pastore: Mozart:
942
_c
DVD
999
_c
1440
_d
1440